[Event "78th ARM-ch Highest League 2018"]
[Site "Yerevan"]
[Date "2018.01.19"]
[Round "8"]
[White "Pashikian, Arman"]
[Black "Petrosyan, Manuel"]
[Result "1/2-1/2"]
[WhiteElo "2578"]
[BlackElo "2570"]
[Annotator "TA"]
[PlyCount "95"]
[EventDate "2018.??.??"]
[EventType "tourn"]
[EventCountry "ARM"]
[SourceTitle "playchess.com"]
[Source "ChessBase"]
[SourceQuality "1"]

{[%evp 21,95,27,31,20,21,5,22,-12,0,-12,0,0,0,0,0,-19,-15,-25,-15,-16,-16,-37,-43,-43,-39,-48,-51,-46,-33,-35,-33,-31,-37,-24,-21,-27,-21,-16,-14,-12,0,-23,-18,-21,-8,-10,-10,-10,-10,-12,-12,-16,-12,-19,-19,-20,-19,-19,-23,-37,-38,-38,-27,-35,-32,-26,-23,-23,-23,-33,-22,-22,-22,-23,-23,-23]} 1. Nf3 d5 2. d4 Nf6 3. c4 e6 4. Nc3 Bb4 5. e3 O-O 6. Bd3 c5 7. cxd5 cxd4 8. exd4 exd5 9. Ne5 Nc6 10. O-O {B14: Caro-Kann: Panov-Botvinnik Attack with 5...e6 and 5...g6} Nxd4 11. Bxh7+ Nxh7 {[%cal Bf6h7,Bh7g5,Bg5e4][%mdl 32] LiveBook: 3 Games} 12. Qxd4 {White is slightly better.} Bxc3 13. bxc3 Re8 $146 ({Predecessor:} 13... Be6 14. Be3 Qa5 15. Rfb1 b6 16. Nc6 Qa3 17. Qe5 Rfe8 {½-½ (39) Gulko,B (2589)-Disconzi da Silva,R (2367) Buenos Aires 2005}) 14. Ba3 Bf5 15. Rfe1 Ng5 16. Qf4 Qf6 17. Bb2 Rad8 18. Re3 Ne4 19. Nf3 $1 Bg6 20. Qxf6 Nxf6 21. Rae1 Rxe3 22. Rxe3 Rd6 23. Nd2 Rb6 24. Bc1 Ne4 25. Nxe4 dxe4 $15 {[%mdl 4096] Endgame KRB-KRB} 26. g4 Rb1 27. Re1 f6 28. Kg2 Bf7 29. a3 Rb3 30. Re3 $1 Rb1 31. Re1 Bd5 32. Kg3 g5 33. h4 gxh4+ 34. Kxh4 Kf7 35. Kg3 Bc6 36. c4 Ra1 37. Kf4 Ra2 38. Be3 Rxa3 39. Kf5 Bd7+ 40. Kxe4 Bxg4 41. Rb1 b6 42. c5 Ra4+ 43. Kd5 Bf3+ 44. Kd6 bxc5 45. Kxc5 Ra6 46. Kb4 Ra2 47. Bd4 a5+ 48. Kc3 {Precision: White = 83%, Black = 64%.} 1/2-1/2

[Event "78th ARM-ch Highest League 2018"]
[Site "Yerevan"]
[Date "2018.01.19"]
[Round "8"]
[White "Harutyunian, Tigran K."]
[Black "Ter-Sahakyan, Samvel"]
[Result "1/2-1/2"]
[WhiteElo "2487"]
[BlackElo "2563"]
[Annotator "TA"]
[PlyCount "114"]
[EventDate "2018.??.??"]
[EventType "tourn"]
[EventCountry "ARM"]
[SourceTitle "playchess.com"]
[Source "ChessBase"]
[SourceQuality "1"]

{[%evp 17,114,25,13,44,21,18,19,23,37,36,39,38,56,46,48,18,27,38,50,27,32,22,21,20,24,25,20,26,25,21,60,53,40,35,58,33,45,27,33,10,8,12,29,0,12,12,12,13,20,18,18,16,21,8,8,8,21,21,21,21,21,21,21,21,21,21,28,28,28,21,28,21,28,21,21,21,21,21,21,21,21,0,21,21,21,21,21,21,21,21,21,21,21,21,21,21,21,21,21]} 1. c4 e5 2. Nc3 Nf6 3. Nf3 Nc6 4. e3 Bb4 5. Qc2 O-O 6. Be2 {A28: English Opening: Four Knights Variation} (6. Nd5 Be7 7. a3 d6 8. Be2 Be6 9. Ng5 Bxd5 10. cxd5 Nb8 11. Qb3 Nbd7 12. d3 h6 13. Nf3 c6 14. dxc6 bxc6 {½-½ (39) Cheparinov,I (2710)-Kryvoruchko,Y (2689) Riadh 2017}) 6... Re8 7. O-O e4 8. Ne1 Bxc3 9. bxc3 {[%cal Bb2c3,Bc3c4,Bc4c5][%mdl 32]} d5 {LiveBook: 3 Games} 10. cxd5 Qxd5 11. c4 Qd6 12. c5 Qd5 $146 ({Predecessor:} 12... Qd8 13. Bb2 Bf5 {1-0 (36) Voetter,H (2381)-Koehl,R (2189) GER email 2016}) 13. Bb2 Bf5 14. Bc4 Qd7 15. Bxf6 gxf6 16. Rb1 Rab8 17. Qc3 Ne5 18. Be2 b6 19. Nc2 bxc5 20. Qxc5 Rxb1 21. Rxb1 Qxd2 22. Nd4 Qxa2 23. Qc1 {[#] Threatens to win with Rb2.} Bd7 24. Ra1 Qd5 {Strongly threatening ...c5.} 25. Qxc7 Rc8 26. Qxa7 Kg7 27. Rd1 Qa8 $1 {[%cal Ra8a7]} 28. Qxa8 (28. Qb6 {looks sharper.} Rb8 29. Qd6 Rb2 30. h3 Qb8 31. Qd5) 28... Rxa8 29. h3 Ra2 30. g4 f5 31. gxf5 Kf6 32. Rb1 Bxf5 33. Rb6+ Be6 $1 34. Kg2 Ra8 35. Bg4 Nxg4 36. hxg4 Ra5 37. Nxe6 fxe6 $11 {[%mdl 4096] Endgame KR-KR} 38. Rb4 h5 39. Rxe4 hxg4 40. Rxg4 Ra2 41. Kg3 Ra3 42. Rb4 Rc3 43. Kf4 Rc5 44. e4 Rh5 45. f3 e5+ {The position is equal.} 46. Ke3 Rh1 47. Rb6+ Ke7 48. Kd3 Rf1 49. Ke3 Ra1 50. Kf2 Kf7 51. Kg2 Rc1 52. Rb2 Kf6 53. Kg3 Rg1+ 54. Rg2 Ra1 55. Kg4 Rb1 56. Rg3 Rh1 57. Rh3 Rg1+ {Precision: White = 70%, Black = 69%.} 1/2-1/2

[Event "78th ARM-ch Highest League 2018"]
[Site "Yerevan"]
[Date "2018.01.19"]
[Round "8"]
[White "Sargsyan, Shant"]
[Black "Hovhannisyan, Robert"]
[Result "1/2-1/2"]
[WhiteElo "2461"]
[BlackElo "2591"]
[Annotator "TA"]
[PlyCount "115"]
[EventDate "2018.??.??"]
[EventType "tourn"]
[EventCountry "ARM"]
[SourceTitle "playchess.com"]
[Source "ChessBase"]
[SourceQuality "1"]

{[%evp 19,115,10,12,9,21,14,11,5,20,0,0,0,15,0,13,28,41,0,0,0,-7,-8,-8,-8,-8,-8,-8,-8,-8,-8,-8,-8,-8,-7,-7,-13,-10,-14,-13,-15,-12,-55,-47,-75,-65,-57,-70,-69,-104,-81,-80,-72,0,0,0,0,0,0,0,0,0,0,0,0,0,0,0,0,0,0,0,0,0,0,0,0,0,0,0,0,0,0,0,0,0,0,0,0,0,0,0,0,0,0,0,0,0,0]} 1. d4 d5 2. c4 e6 3. Nf3 dxc4 4. e3 Nf6 5. Bxc4 c5 6. O-O Nc6 7. Nc3 a6 8. dxc5 Qxd1 9. Rxd1 Bxc5 10. Nd2 {D27: Queen's Gambit Accepted: Classical main line: 7 e4!? and 7 a4} (10. Be2 O-O 11. Bd2 Bd7 12. Rac1 Ba7 13. Ng5 Rfd8 14. Nce4 Nxe4 15. Nxe4 Be8 16. Be1 Rxd1 17. Bxd1 Ne5 {½-½ (38) Jakovenko,D (2710)-Giri,A (2762) Antalya 2017}) 10... O-O {LiveBook: 3 Games} 11. Nb3 Ba7 $146 ({Predecessor:} 11... Be7 12. Bd2 b5 13. Be2 Bb7 14. Be1 Rfd8 15. f3 Rxd1 16. Rxd1 Rd8 17. Rc1 Rc8 {1-0 (47) Sargsyan,S (2436)-Gaboyan,S (2166) Yerevan 2017}) 12. Bd2 Bd7 13. Rac1 Rfd8 14. Be1 Be8 15. Be2 Rxd1 16. Bxd1 Rc8 17. Bf3 g5 18. g4 Ne5 19. Bxb7 Rb8 20. Bg2 Nd3 21. Rd1 Nxe1 22. Rxe1 Nxg4 23. Ne4 h6 24. h3 Ne5 25. Nf6+ Kf8 26. Nxe8 Kxe8 27. Rd1 Ke7 28. Rc1 {Hoping for Rc7+.} Bb6 29. Bf1 a5 {[%cal Ba6a5,Ba5a4][%mdl 32]} 30. Be2 a4 31. Nd2 {[#]} Bxe3 $1 {[%mdl 512]} 32. fxe3 Rxb2 33. Rd1 Rxa2 34. Kf2 a3 {[%mdl 1024] Black has strong compensation.} 35. Ke1 {[#]} Rc2 ({Black should try} 35... h5 $1 $17 {[%mdl 512] And now ...h4 would win.} 36. Bxh5 Nd3+ 37. Ke2 Nc5) 36. Ra1 $1 $11 {The position is equal.} Rc3 37. Kf2 f5 38. Ra2 $1 f4 39. exf4 gxf4 40. Nb1 Rxh3 {Threatens to win with ...f3.} 41. Rxa3 Rh2+ (41... Rxa3 {looks sharper.} 42. Nxa3 Nf7 43. Nc4 Ng5 44. Nd2 h5) 42. Ke1 Rh1+ 43. Bf1 Nc4 44. Rh3 Rxh3 45. Bxh3 e5 46. Nc3 Nd6 47. Ke2 Kf6 48. Kf3 Kg5 49. Ne4+ Nxe4 50. Kxe4 Kh4 51. Kxe5 {[%mdl 4096] Endgame KB-KPP} Kg3 52. Bf1 h5 53. Kf5 f3 54. Ke4 Kf2 55. Kf4 Kxf1 56. Kxf3 h4 57. Kg4 Kg2 {( -> ...h3)} 58. Kxh4 {Precision: White = 77%, Black = 73%.} 1/2-1/2

[Event "78th ARM-ch Highest League 2018"]
[Site "Yerevan"]
[Date "2018.01.20"]
[Round "9"]
[White "Petrosian, Tigran L."]
[Black "Harutyunian, Tigran K."]
[Result "1-0"]
[WhiteElo "2606"]
[BlackElo "2487"]
[Annotator "TA"]
[PlyCount "61"]
[EventDate "2018.??.??"]
[EventType "tourn"]
[EventCountry "ARM"]
[SourceTitle "playchess.com"]
[Source "ChessBase"]
[SourceQuality "1"]

{[%evp 21,61,9,31,23,31,31,45,54,38,29,50,0,0,7,26,0,24,28,31,25,53,51,50,47,44,44,147,143,237,242,610,610,29991,29992,29992,29993,29993,5589,29994,29995,29995,29996]} 1. e4 e5 2. Nf3 Nc6 3. Bb5 {[%cal Bf1b5,Bb5a4,Ba4b3,Bb3a2][%mdl 32]} a6 4. Ba4 Nf6 5. O-O b5 6. Bb3 Bb7 7. d3 Be7 8. Nc3 O-O 9. a3 {C84: Closed Ruy Lopez: Unusual White 6th moves} Nd4 (9... d6 10. Nd5 Nxd5 11. Bxd5 Qd7 12. d4 exd4 13. Nxd4 Bf6 14. Nf5 Nd8 15. Re1 Re8 16. c3 Bxd5 17. Qxd5 {0-1 (43) Vachier Lagrave,M (2804)-Carlsen,M (2840) Doha 2016}) 10. Ba2 Nxf3+ 11. Qxf3 d6 {LiveBook: 4 Games} 12. Qe2 Qd7 13. f4 a5 $146 ({Predecessor:} 13... exf4 14. Bxf4 Rae8 15. Kh1 Bd8 16. Qf3 c5 {1-0 (49) Liang,A (2478)-Banawa,J (2363) Saint Louis 2016}) 14. fxe5 dxe5 15. Bg5 b4 16. Bxf6 Bxf6 17. Nd5 Bd8 18. Kh1 Bxd5 19. Bxd5 c6 20. Bc4 {Strongly threatening axb4.} Bf6 21. Rf5 Qd4 22. Raf1 Qxb2 23. a4 Qd4 ({Black should play} 23... Kh8 $1 $14) 24. Qg4 $1 $16 {[%mdl 1024] White has strong compensation.} Kh8 (24... Qd7 $16 {keeps fighting.}) 25. Qh3 $1 $18 Qd7 $2 (25... Kg8 26. g4 Qd8) 26. g4 $1 {[%cal Bg2g4,Bg4g5,Bg5g6][%mdl 32] Intending Rh5 and mate.} Be7 {[#]} 27. Rh5 $1 h6 {[#]} 28. Rxh6+ $1 gxh6 29. Qxh6+ Kg8 30. g5 Qg4 31. g6 $1 {Precision: White = 91%, Black = 12%.} 1-0

[Event "78th ARM-ch Highest League 2018"]
[Site "Yerevan"]
[Date "2018.01.20"]
[Round "9"]
[White "Gabuzyan, Hovhannes"]
[Black "Andriasian, Zaven"]
[Result "0-1"]
[WhiteElo "2571"]
[BlackElo "2585"]
[Annotator "TA"]
[PlyCount "134"]
[EventDate "2018.??.??"]
[EventType "tourn"]
[EventCountry "ARM"]
[SourceTitle "playchess.com"]
[Source "ChessBase"]
[SourceQuality "1"]

{[%evp 16,134,14,10,10,7,8,0,5,4,9,12,6,0,0,-7,0,-31,-27,-78,-89,-77,-79,-86,-87,-75,-52,-58,-56,-57,-29,-43,-45,-40,-34,-25,-31,-34,-13,-29,-33,-36,-26,-33,-36,-79,-72,-74,-77,-127,-129,-138,-136,-138,-133,-175,-175,-180,-183,-183,-187,-187,-187,-183,-180,-179,-140,-193,-195,-214,-212,-208,-179,-192,-211,-200,-192,-339,-329,-441,-412,-707,-701,-637,-678,-836,-783,-880,-768,-1237,-1119,-4160,-651,-4167,-1135,-4160,-4160,-4160,-4160,-4167,-4160,-4160,-4160,-4160,-4160,-4160,-4160,-4160,-4153,-4153,-4153,-4153,-4153,-12817,-12816,-12799,-12815,-11624,-4153,-29992,-4153]} 1. Nf3 d5 2. g3 Bg4 3. Bg2 Nd7 4. O-O c6 5. d4 Ngf6 6. Nbd2 e6 7. Re1 Be7 8. e4 O-O 9. c3 a5 {D02: 1 d4 d5 2 Nf3 sidelines, including 2...Nf6 3 g3 and 2...Nf6 3 Bf4} 10. a4 h6 11. Qb3 Rb8 {The position is equal.} 12. exd5 exd5 $146 ({Predecessor:} 12... cxd5 13. Nf1 Bd6 14. Ne5 Bf5 15. Ne3 Be4 16. f3 Bh7 17. f4 {0-1 (46) Savchenko,Y (2109)-Shalimov,V (2452) Alushta 2003}) 13. Nf1 {[%cal Bd2f1,Bf1e3,Be3f5][%mdl 32]} Bd6 14. Ne3 Be6 15. Nh4 Re8 16. Nef5 Bf8 {And now ...g5 would win.} ({Of course not} 16... Bxf5 17. Rxe8+ Qxe8 18. Nxf5 $14) 17. Bf4 (17. Ne3 $11) 17... g5 $1 $17 {[%cal Rg5f4]} 18. Bxb8 Qxb8 19. Qc2 {Threatening Nf3.} gxh4 20. Nxh4 Bg7 21. Nf5 Nf8 22. Re3 Bxf5 23. Qxf5 Rxe3 24. fxe3 Ne6 25. e4 dxe4 26. Bxe4 Qd8 27. Bd3 Qb6 28. Qf2 c5 29. dxc5 Nxc5 30. Bf5 Qc6 $36 {[%mdl 2048] Black has strong initiative.} 31. Qg2 Nce4 {Strongly threatening ...Qc5+.} 32. Rf1 Qxa4 33. Rf4 {[%cal Rf5e4]} Qd1+ 34. Qf1 Qd5 35. Bxe4 Nxe4 36. Qf3 Qc5+ 37. Kg2 Nd6 38. b4 axb4 39. cxb4 Qe5 40. Qd3 f5 {[%cal Bf7f5,Bf5e4][%mdl 32]} 41. Rf2 (41. b5 $17) 41... Qe4+ $1 $19 42. Qxe4 fxe4 ({Worse is} 42... Nxe4 43. Rxf5 Bf8 44. Rb5 $11) 43. Rd2 {[#]} Bf8 $1 44. Rd5 Kf7 45. g4 Ke6 46. Rh5 (46. Rc5 {is the only way for White.}) 46... Nc4 47. Kf2 Ne5 48. h3 (48. Ke3 $142 Nxg4+ 49. Kf4) 48... Bxb4 49. Rxh6+ Kd5 50. g5 Bd2 51. Rh7 Bxg5 52. Rxb7 Nd3+ 53. Kf1 Ke5 (53... Kd4 $142 54. Rg7 Bf6) 54. Rh7 Kf5 (54... e3 $142 55. Rh8 Ke4) 55. h4 {[#]} Bf6 $1 56. Rf7 Kg6 57. Rd7 Bxh4 58. Ke2 Ne5 59. Ra7 Kf5 60. Ra8 Be7 61. Ra5 Kf4 62. Rd5 Bg5 63. Rd1 Nf3 64. Kf2 e3+ 65. Kf1 Ke4 66. Ra1 Nd4 (66... Bf6 $142 67. Ra6 Be5) 67. Ra4 Ke5 {Precision: White = 31%, Black = 74%.} (67... e2+ $142 68. Kf2 Bh4+ 69. Kg2 e1=Q 70. Ra3 Kf4 71. Rd3 Ne2 72. Rd4+ Nxd4 73. Kh2 Kf3 74. Kh3 Qh1#) 0-1

[Event "78th ARM-ch Highest League 2018"]
[Site "Yerevan"]
[Date "2018.01.20"]
[Round "9"]
[White "Petrosyan, Manuel"]
[Black "Sargsyan, Shant"]
[Result "1/2-1/2"]
[WhiteElo "2570"]
[BlackElo "2461"]
[Annotator "TA"]
[PlyCount "95"]
[EventDate "2018.??.??"]
[EventType "tourn"]
[EventCountry "ARM"]
[SourceTitle "playchess.com"]
[Source "ChessBase"]
[SourceQuality "1"]

{[%evp 13,95,5,12,-48,-48,-64,-62,-64,-68,-72,-23,-81,-76,-63,-59,-81,0,-42,-15,-58,-66,-56,-57,-35,-31,-31,-31,-36,-36,-54,-54,-54,0,-15,0,0,0,0,0,0,0,0,0,0,0,0,0,0,0,0,0,0,0,0,0,0,0,0,0,0,0,0,0,0,0,0,0,0,0,0,0,0,0,0,0,0,0,0,0,0,0,0,0,0]} 1. d4 Nf6 2. c4 e6 3. Nf3 d5 4. Bg5 dxc4 5. Nc3 Bb4 6. a3 Bxc3+ 7. bxc3 h6 {LiveBook: 3 Partien. D39: Damengambit (Ragosin-Verteidigung)} 8. Bc1 $146 (8. Bh4 $11) ({Vorgänger:} 8. Bxf6 Qxf6 9. e3 b5 10. a4 c6 11. Ne5 a6 12. g4 Bb7 13. Bg2 Qe7 14. O-O O-O 15. f4 Nd7 16. Nxc6 Qd6 17. Ne7+ Qxe7 18. Bxb7 Ra7 {½-½ (36) Carlsen,M (2801)-Anand,V (2788) Moscow 2009}) 8... O-O $15 9. e3 b5 {Schwarz steht etwas besser.} 10. a4 c6 11. Be2 Bb7 12. O-O (12. Rb1 $11) 12... a6 $17 13. Ba3 Re8 14. Qb1 Qc8 (14... Qc7 $17) 15. Ne5 Nbd7 16. Nxd7 Qxd7 17. Rd1 Qc7 18. Bc5 Nd7 19. Qb4 $1 Nxc5 20. Qxc5 Qe7 21. Bf3 Qxc5 22. dxc5 Red8 (22... Rad8 $15) 23. Kf1 {Die Stellung ist ausgeglichen.} Kf8 24. axb5 $1 axb5 25. Rxa8 $1 Rxa8 $11 {[%mdl 4096] Endspiel KTL-KTL} 26. Rd7 $1 {[%cal Rd7b7]} Bc8 27. Rd6 Bb7 28. Rd7 Bc8 29. Rd6 Bb7 30. Bxc6 Bxc6 31. Rxc6 {KT-KT} Ke8 32. Rb6 Kd7 33. Rxb5 Kc6 34. Rb6+ Kxc5 35. Rb7 Ra3 36. Rxf7 Rxc3 37. Rxg7 Rc2 38. g4 c3 39. Rc7+ Kb4 {[#] zielt auf ...Tb2 ab.} 40. h4 Ra2 {Droht ...Kb3.} 41. g5 hxg5 42. hxg5 {Mit der Idee g6.} Kb3 43. g6 c2 {[#] Und weiter mit ...Ta1+ wäre nett.} 44. g7 Ra8 45. Ke2 Kb2 46. Rb7+ Kc3 {Und ...Tc8 würde nun gewinnen.} 47. Rc7+ Kb2 48. Rb7+ {Precision: Weiß = 56%, Schwarz = 83%.} 1/2-1/2

[Event "78th ARM-ch Highest League 2018"]
[Site "Yerevan"]
[Date "2018.01.20"]
[Round "9"]
[White "Martirosyan, Haik M."]
[Black "Pashikian, Arman"]
[Result "1/2-1/2"]
[WhiteElo "2567"]
[BlackElo "2578"]
[Annotator "TA"]
[PlyCount "78"]
[EventDate "2018.??.??"]
[EventType "tourn"]
[EventCountry "ARM"]
[SourceTitle "playchess.com"]
[Source "ChessBase"]
[SourceQuality "1"]

{[%evp 21,78,30,45,34,29,17,20,0,0,0,0,0,0,0,0,0,0,0,-7,-10,0,0,0,0,0,0,0,0,0,-5,0,0,0,0,0,0,0,-13,-6,-26,-11,-18,0,0,0,0,0,0,0,-2,-3,-3,-3,-4,0,0,0,-8,0]} 1. e4 e5 2. Nf3 Nc6 3. Bb5 Nf6 4. O-O Nxe4 5. Re1 Nd6 6. Nxe5 Be7 7. Bf1 Nf5 {C67: Spanische Partie (Berliner Verteidigung)} 8. Nf3 d5 9. d4 O-O 10. c3 Re8 11. Bd3 Bd6 {LiveBook: 31 Partien} 12. Rxe8+ Qxe8 13. b3 $146 ({Vorgänger:} 13. Nbd2 Bd7 14. Nf1 g6 15. Bg5 {½-½ (37) Bruzon Batista,L (2643)-Nakamura,H (2792) Tbilisi 2017}) 13... Qe7 14. a4 Nh4 15. Nxh4 Qxh4 16. g3 Bg4 17. Be2 Bxe2 18. Qxe2 Qe7 19. Qxe7 Nxe7 20. Na3 Bxa3 21. Bxa3 $11 {[%mdl 4096] Endspiel KTL-KTS} Nc6 22. f3 Re8 23. Kf2 f6 24. Rb1 Kf7 25. Bc1 Nd8 26. Be3 Ne6 27. Ke2 g5 28. Kd3 h5 {[%cal Bh7h5,Bh5h4][%mdl 32]} 29. c4 c6 30. c5 Rh8 31. b4 {[%cal Bb3b4,Bb4b5][%mdl 32] Die Stellung ist ausgeglichen.} Ke7 32. b5 {[#] zielt auf bxc6 ab.} Kd7 $1 33. Bd2 h4 34. g4 Re8 35. Be3 Nf4+ 36. Kd2 $1 Ng2 37. Bf2 Nf4 {[#] Und ...Te2+ würde nun gewinnen.} 38. Be3 Ng2 39. Bf2 Nf4 {Precision: Weiß = 68%, Schwarz = 62%.} 1/2-1/2

[Event "78th ARM-ch Highest League 2018"]
[Site "Yerevan"]
[Date "2018.01.20"]
[Round "9"]
[White "Ter-Sahakyan, Samvel"]
[Black "Grigoryan, Karen H."]
[Result "0-1"]
[WhiteElo "2563"]
[BlackElo "2581"]
[Annotator "TA"]
[PlyCount "92"]
[EventDate "2018.??.??"]
[EventType "tourn"]
[EventCountry "ARM"]
[SourceTitle "playchess.com"]
[Source "ChessBase"]
[SourceQuality "1"]

{[%evp 16,92,24,4,24,-8,-15,-10,-20,-20,-10,-18,0,-22,82,82,86,82,68,0,12,18,10,-43,-24,-8,-10,-9,-12,-16,33,-38,377,375,372,341,12817,389,481,475,366,0,0,-150,0,-8,-11,-12,-17,-78,-87,-138,-160,-158,-161,-145,-151,-332,-329,-359,-349,-346,-374,-352,-354,-461,-383,-392,-398,-514,-402,-386,-375,-447,-416,-416,-409,-646,-641]} 1. e4 c5 2. Nf3 d6 3. d4 cxd4 4. Nxd4 Nf6 5. Nc3 a6 6. Be3 Ng4 7. Bc1 Nf6 8. Bg5 Nbd7 9. Bc4 Qb6 {B94: Sicilian Najdorf: 6 Bg5 Nbd7} 10. O-O Qxb2 11. Nd5 Nxd5 {The position is equal.} 12. Rb1 Qc3 13. Bxd5 Qc7 14. f4 {[%cal Bf2f4,Bf4f5][%mdl 32] [#]} g6 $146 (14... e6 $11 {remains equal.}) ({Predecessor:} 14... e6 15. Re1 Nc5 16. f5 Be7 17. Bxe7 Qxe7 18. fxe6 fxe6 19. Nf5 Qc7 20. Bc6+ Qxc6 21. Nxd6+ Ke7 22. Qg4 Nd7 23. e5 {1-0 (21) Wei,Y (2725)-Xu,Y (2540) Ho Chi Minh City 2017}) 15. f5 $16 Ne5 16. Nf3 Bg7 17. Kh1 (17. Nxe5 $14 Bxe5 18. Kh1) 17... O-O $11 18. Nxe5 dxe5 19. Qf3 ({Better is} 19. Qg4 $11) 19... e6 $1 $15 {[%cal Re6d5]} 20. f6 exd5 21. fxg7 Re8 $1 22. exd5 f5 23. Bh6 (23. Rfd1 $14) 23... Qxc2 $2 {[%mdl 8192]} (23... Bd7 $15 {keeps the upper hand.}) 24. Rb6 $1 $18 Bd7 25. Rf6 $1 {And now Qa3 would win.} Qxa2 $2 (25... Qb2 26. Qg3 f4) 26. h3 $2 (26. Qc3 {Intending Qc5 and mate.} Qe2 27. Re1) 26... Qb2 {With the idea ...e4.} 27. Qe3 {White wants to mate with Qc5.} e4 {[%cal Be5e4,Be4e3,Be3e2][%mdl 32]} 28. Rb6 $2 (28. Qg5 $1 $18) 28... Qe5 $11 29. d6 (29. Rd1 $11) 29... Bc6 (29... Qd5 $1 $17 {aiming for ...Bc6.} 30. Qg1 Rab8) 30. Rd1 Qe6 {Threatens to win with ...Rad8.} 31. d7 $1 {[%cal Rd7e8]} Red8 32. Qc5 (32. Rb2 $11) 32... e3 $1 $17 {[%cal Re3e2]} 33. Rd6 (33. Qf8+ $142 Rxf8 34. gxf8=R+ Rxf8 35. Bxf8) 33... Qe4 {[%csl Gc6][%cal Re4g2]} 34. Rbxc6 {White threatens Rf6! and mate.} e2 $40 {[%mdl 128] Black is out for blood.} (34... bxc6 35. Rf6 $11) 35. Bd2 {Hoping for Re6.} bxc6 36. Be1 $2 (36. Kh2 $17) 36... Qe7 $19 (36... Kxg7 37. Qc3+ Kf7 38. Qf6+ Kg8 39. Re6 $17) 37. Qc4+ Qf7 $1 {[%cal Rf7c4]} 38. Qxc6 {[#] intending Rf6.} Ra7 $1 {[%cal Ra7d7]} ({And not} 38... Kxg7 39. Bc3+ Kg8 40. Kh2 $11) (38... Qxg7 {[#]} 39. Qxa8 $1 {[%mdl 512]} Rxa8 40. d8=Q+ Rxd8 41. Rxd8+ Kf7 42. Rd7+ Kg8 43. Rxg7+ Kxg7 44. Kg1 $16) 39. Rf6 Qxd7 40. Qc3 Qxg7 {...Rf7 is the strong threat.} 41. Qc4+ Rf7 42. Rxa6 Qd4 43. Qxe2 Qe4 44. Qxe4 fxe4 45. Kh2 Rf1 46. Bc3 (46. Bh4 $142 Re8 47. Ra2) 46... Re8 {Precision: White = 40%, Black = 57%.} 0-1

[Event "78th ARM-ch Highest League 2018"]
[Site "Yerevan"]
[Date "2018.01.21"]
[Round "10"]
[White "Hovhannisyan, Robert"]
[Black "Petrosyan, Manuel"]
[Result "0-1"]
[WhiteElo "2591"]
[BlackElo "2570"]
[Annotator "TA"]
[PlyCount "130"]
[EventDate "2018.??.??"]
[EventType "tourn"]
[EventCountry "ARM"]
[SourceTitle "playchess.com"]
[Source "ChessBase"]
[SourceQuality "1"]

{[%evp 36,130,32,21,27,0,15,21,16,0,0,0,0,0,0,-64,-39,-68,-47,-58,-65,-62,-59,-137,-143,-150,-136,-131,-137,-150,-130,-144,-141,-150,-135,-123,-162,-47,-66,-202,-230,-204,-191,-252,-244,-194,-131,-739,-737,-730,-745,-715,-744,-714,-654,-29973,-29974,-29974,-29975,-29975,-29976,-29976,-29977,-29977,-29978,-29978,-29972,-29972,-29973,-29968,-29968,-29953,-2197,-29956,-12824,-5361,-10581,-6529,-6529,-6183,-6004,-29982,-29983,-29983,-29984,-29984,-29977,-29982,-29983,-29985,-29984,-29984,-29985,-29985,-29986,-29986,-29987]} 1. e4 e5 2. Nf3 Nc6 3. Bb5 a6 4. Ba4 Nf6 5. O-O Nxe4 6. d4 b5 7. Bb3 d5 8. dxe5 Be6 9. Nbd2 Be7 10. c3 O-O 11. Bc2 f5 12. Nb3 Qd7 13. Nbd4 Nxd4 14. Nxd4 c5 15. Nxe6 Qxe6 16. f3 {C83: Spanische Partie (Offene Verteidigung/Hauptvariante)} Ng5 17. a4 Rad8 18. axb5 axb5 19. Ra7 {LiveBook: 10 Partien} (19. Bxg5 Bxg5 20. f4 Be7 21. Kh1 d4 22. cxd4 c4 23. b3 Bc5 24. bxc4 Rxd4 {½-½ (31) Adams,M (2761)-Giri,A (2769) Shenzhen 2017}) 19... g6 20. Be3 Rd7 21. Rxd7 Qxd7 22. Qd2 Ne6 23. b4 c4 24. Rd1 $146 Rd8 25. Bb6 (25. g4 $11 fxg4 26. f4) 25... Bg5 $15 26. Qe1 Ra8 {[%cal Bd8a8,Ba8a2,Ba2b2][%mdl 32]} 27. h4 Qc6 28. Bf2 Bh6 29. h5 ({Lieber} 29. Bb1 $15) 29... Ra2 $17 30. Bb1 Rb2 31. Be3 Bxe3+ 32. Qxe3 Qb7 33. Kf1 Qe7 $1 {[%cal Re7h4] zielt auf ...Dh4 ab.} 34. Qc1 {[#]} Qh4 $1 {[%cal Rh4h1][%mdl 512]} 35. Qxb2 Qh1+ 36. Kf2 Qxd1 37. h6 (37. Qa2 $1 $15) 37... d4 $19 38. cxd4 Kf7 {Weiss muss nun ...Sf4 beachten.} (38... Qxd4+ 39. Qxd4 Nxd4 40. Ke3 $15) (38... Nxd4 39. Qa2 $15) 39. Qa1 Qd2+ (39... Qxd4+ 40. Qxd4 Nxd4 41. Ke3 $17) (39... Nxd4 40. Qa7+ Ke6 41. Qb6+ Kd7 42. Qb7+ Kd8 43. Qb8+ Kd7 44. Qb7+ Ke6 45. Qb6+ Kd7 46. Qb7+ $11) 40. Kf1 Qxd4 (40... Nxd4 41. Qa7+ Ke6 42. Qb6+ Kxe5 43. Qb8+ Kf6 44. Qd8+ Ke5 45. Qc7+ Ke6 46. Qb6+ Kf7 47. Qc7+ Ke8 48. Qc8+ Kf7 49. Qd7+ Kf6 50. Qd8+ Ke6 51. Qe8+ Kd6 52. Qd8+ Kc6 53. Qc8+ Kb6 54. Qb8+ Kc6 55. Qc8+ Kb6 56. Qd8+ Kc6 57. Qc8+ $11) 41. Qa6 $2 {[%mdl 8192]} (41. Qxd4 $17 Nxd4 42. Kf2) 41... Qd1+ 42. Kf2 Qd2+ $1 ({Lieber nicht} 42... Qxb1 43. Qb7+ Kg8 44. Qa8+ Kf7 45. Qb7+ Kg8 46. Qb8+ Nf8 47. Qc7 $11) 43. Kf1 {[#]} Qc1+ $1 44. Kf2 {[#]} Qb2+ $1 (44... Qxb1 45. Qb7+ Ke8 46. Qc6+ Kf8 47. Qxe6 $16) 45. Kg3 {Droht Db7+ und aus.} Qxe5+ 46. Kf2 Qb2+ 47. Kg3 Qxb1 48. Qb7+ Kf6 49. Qxh7 Qe1+ 50. Kh2 Qh4+ 51. Kg1 Qd4+ 52. Kh2 Qd6+ 53. Kg1 Qf8 (53... Kg5 $142 54. Qa7 Kxh6 55. Qe3+ Kg7 56. Qa7+ Kf6 57. Qa1+ Qd4+ 58. Qxd4+ Nxd4 59. Kf2 c3 60. Ke1 Kg5 61. Kd1 Kf4 62. Kc1 Ke3 63. f4 Kd3 64. Kb1 Kd2 65. Ka1 c2 66. Kb2 c1=Q+ 67. Ka2 Qc2+ 68. Ka3 Qb3#) 54. Qa7 Qxh6 55. Qa1+ Kf7 56. Qa7+ Kg8 57. Qb8+ Qf8 58. Qxb5 Qc8 {Schwarz setzt Matt.} 59. Qa4 c3 60. Qc2 Qc4 61. g4 Qxb4 62. gxf5 Qc5+ 63. Kh2 Qe5+ 64. f4 Qxf4+ 65. Kh1 Qf3+ {Precision: Weiß = 48%, Schwarz = 85%.} 0-1